000 01081nam a22003137a 4500
003 CHAP
005 20220329135726.0
008 971013s1980 r 00010 d
010 _a41136
011 _a42108
035 _a46235
040 _cCHAP
090 _aFolleto 6357
110 _aFondo de Garantía y Fomento para la Agricultura, Ganadería y Avicultura. México
_942107
245 _aParticipación del FIRA en la política de empleo en el sector rural
260 _a(s.l.) :
_b(s.e.),
_c1980
300 _a43 p.
590 _aBATCH-UPD
_b10
_c20130110
_lUCH01
_h1930
590 _aBATCH-UPD
_b10
_c20130410
_lUCH01
_h1254
590 _aBATCH-UPD
_b10
_c20130914
_lUCH01
_h1301
590 _aCONVERSION
_b10
_c20130109
_lUCH01
_h1323
650 1 4 _aAgricultura
_xTrabajadores
_xMexico.
_91867
650 1 4 _aEmpleo
_zMéxico.
_936587
901 _aBK
942 _cFOLL
949 _aFolleto 6357
_bBC
_cFOLL
_d-105376
_eTS1
_i46235
_mD
_si
949 _aFolleto 6357
_bBC
_cFOLL
_d-105377
_eTS2
_fc.2
_i46235
_mD
_si
949 _aFolleto 6357
_bBC
_cFOLL
_d-105378
_eTS2
_fc.3
_i46235
_mD
_sb
999 _c41136
_d41136